Countries that start with P - One Minute Sprint - Statistics

General Stats
  • This quiz has been taken 178 times
  • The average score is 7 of 9
Answer Stats
Answer % Correct
Poland
88%
Peru
87%
Palau
83%
Pakistan
79%
Panama
78%
Paraguay
76%
Portugal
74%
Philippines
63%
Papua New Guinea
62%
No matching quizzes found
Score Distribution
Percent of People with Each Score
Percentile by Number Answered
Your Score History
You have not taken this quiz